01751nam0a2200421 450000100060000000300300000600500170003601000260005303300510007903500220013003500400015203500140019207300180020610000410022410100080026510200070027310500180028018100250029818100200032318200210034318200110036420000290037521400410040421400310044521400150047621400130049121500190050421500100052330500740053332300190060733005030062662000110112968600710114070000310121170000190124280100300126180100380129113969http://www.sudoc.fr/29152093620251204163744.0 a9782846817929d15 EUR ahttp://catalogue.bnf.fr/ark:/12148/cb48597092g a(OCoLC)1548139086 aFRBNF485970920000009zFRBNF48597092 aALP862928 0a9782846817929 a20251029d2025 m y0frey50 ba0 afre aFR ay z 00|a| 6z01ctxt2rdacontent 16z01ai#bxxxe## 6z01cn2rdamedia 16z01an1 aLes conséquencesbLIVR 0cles Solitaires intempestifsdDL 2025 3cImpr. Présence graphique 0aBesançon 3a37-Monts a1 vol. (91 p.) d20 cm aCréation : Rennes (fr) : Théâtre national de Bretagne, 20250930 a11 personnages aLa vie sur plusieurs générations, à travers l'enchaînement sans coupures, et dans le même espace vide, d un enterrement, d un mariage, d un enterrement et encore d un mariage. Une vingtaine d années sous nos yeux. Avec nos joies et nos peines. Nos espoirs et nos renoncements. La généalogie de nos actes. Les conséquences sur nos vies. Écrasées. Magnifiées. Sans retour. Ou au contraire subitement ouvertes. Créés grâce à la destruction. Détruites et renaissantes. aFrance a8022Cadre de classement de la Bibliographie nationale française 1aRambertbPascalf1962-.... 130290019004070 3aFRbAbesc20251029gAFNOR 0aFRbFR-751131015c20250908gAFNOR